000 00837nam a2200169 a 4500
001 2226
003 CO-ViMGA
008 141112s2004 ck r 000 u spa d
040 _aCO-ViMGA
_bspa
_cCO-ViMGA
082 0 4 _a659.1315 P815
245 1 0 _aPublicidad en el sistema agroalimentario :
_bun análisis comparativo internacional, análisis de casos en España, Estados Unidos y R.F Alemania
260 _aMadrid :
_bMundi Prensa,
_c1990
300 _a145 p : il
505 _aLa publicidad en un mercado competitivo : caso del sistema agroindustrial 15 - - Efectos de la publicidad en la demanda alimentaria 39 - - Distribución y publicidad de la alimentación en España 71 - - La publicidad del vino en España 101 - - La publicidad en la agricultura de la República Federal Alemana 137
650 1 4 _aPUBLICIDAD
942 _2ddc
_cBK
999 _c14331
_d14331